|
|
|
|
| LEADER |
00000nab a2200000 a 4500 |
| 001 |
vtls011586971 |
| 003 |
SK-MaSNL |
| 005 |
20260304000322.0 |
| 008 |
161018 2016 xo 000 0 cze |
| 015 |
|
|
|a SNBRB2016/10
|2 lmaosk
|
| 040 |
|
|
|a LMAOSK
|b slo
|c LMAOSK
|e AACR2
|
| 041 |
0 |
|
|a cze
|
| 044 |
|
|
|a xo
|c SK
|
| 080 |
|
|
|a 628.92/.97
|2 2011
|
| 080 |
|
|
|a 628.944
|2 2011
|
| 080 |
|
|
|a (046)
|2 2011
|
| 100 |
1 |
|
|a Pernica, Vít
|4 aut
|4 pht
|9 1087484
|
| 245 |
1 |
0 |
|a Výkonný taktický univerzál
|b Fénix TK15 Ultimate Edition
|c text a foto Vít Pernica
|
| 300 |
|
|
|b Fotogr.
|
| 500 |
|
|
|a Obsahuje technické údaje.
|
| 650 |
0 |
7 |
|a Fenix TK15 (taktické svietidlo)
|2 LMAOSK
|9 1275735
|
| 650 |
0 |
7 |
|a svetelná technika
|2 SNKPH
|9 68471
|
| 650 |
0 |
7 |
|a ručné svietidlá
|2 LMAOSK
|9 477941
|
| 655 |
|
7 |
|a články
|2 SNKPH
|9 70601
|
| 773 |
0 |
|
|t Zbraně & náboje
|g Roč. XVIII, č. 10 (2016), s. 93-95
|x 1212-5210
|
| 852 |
|
|
|a LMAOSK
|b KIS3GCP
|
| 958 |
|
|
|a NB
|
| 999 |
|
|
|c 2530713
|d 2532643
|